000 00559cam a22002053a 4500
001 45653
003 PGUSA
005 20140828084045.0
008 140515s2014||||xxu|||||s|||||000 | eng d
040 _aPGUSA
_beng
042 _adc
100 1 _aPanzacchi, Enrico
245 1 0 _aMorti e viventi
_h[electronic resource] /
_cEnrico Panzacchi
260 _bProject Gutenberg,
_c2014
506 _aPublic domain in the USA.
516 _aElectronic text
830 0 _aProject Gutenberg
_v45653
856 4 0 _uhttp://www.gutenberg.org/ebooks/45653
942 _cEB
999 _c274903
_d274903